000 00630cam a22002293a 4500
001 18822
003 PGUSA
005 20140828083411.0
008 060713s2006||||xxu|||||s|||||000 1 eng d
040 _aPGUSA
_beng
042 _adc
050 4 _aPS
100 1 _aStockton, Frank Richard,
_d1834-1902
245 1 4 _aThe House of Martha
_h[electronic resource] /
_cFrank Richard Stockton
260 _bProject Gutenberg,
_c2006
506 _aPublic domain in the USA.
516 _aElectronic text
653 _aFiction
830 0 _aProject Gutenberg
_v18822
856 4 0 _uhttp://www.gutenberg.org/ebooks/18822
942 _cEB
999 _c248077
_d248077